02830nkc a2200373za 450000100060000000300040000600500170001000700070002700800410003404000240007510000410009924500560014026000240019630001020022050004590032250001930078150000650097450001340103950001680117350400520134150500550139351001510144851002100159956101300180961000540193965100260199365500400201970000600205985200120211985601500213194200250228195201330230699900170243984704OSt20260324130151.0kh boc250410s19101911sp ||||| ||||||0| i|spa d aM-RABAbspacM-RABA1 aElorza, Lorenzod(1861-1931)911106810aSan Vicentejob: Ermita de la Concepciónc/ L. E. c[ca. 1910 – 1911] a1 fotografía b: gelatina de plata c; imagen 12 x 17 cmc; soporte secundario 21,5 x 26,5 cm  aVista frontal de la fachada sur de la ermita de la Purísima Concepción en San Vicentejo. La portada presenta un arco de medio punto que descansa en cuatro columnas de fuste reticulado y capiteles con decoración vegetal. El ábside se despliega en cinco planos separados por contrafuertes. Se observa uno de sus arcos ciegos, trilobulados y apoyados en impostas. Delante de la puerta, Federico Baraibar y Lorenzo Elorza figuran junto a otro hombre. aFotografía montada sobre soporte secundario de cartulina azul enmarcada con orla en relieve. Título y numeración manuscrita que hace referencia a la posición en la serie “149”. aSello con monograma del fotógrafo en tinta roja “L.E.” aFechas tomadas de la ejecución del positivo de las fotografías, incluido el soporte secundario. (Soto Madrazo, Javier. 2008). aForma parte de un conjunto de 167 fotografías empleadas por Federico Baráibar Zumárraga para la elaboración del Inventario del Románico en Álava (1911) aBaraibar, F.: "Rincones artísticos", M. 1914. aSan Vicentejo.- Ermita de la Concepción. / L. E. aDescripción tomada de: Soto Madrazo, Javier (2008). Federico Baraibar y el Inventario del Románico en Álava: una caja con 167 fotografías. aEsta colección fue utilizada posteriormente por Cristóbal de Castro para la elaboración y publicación del "Catálogo Monumental de España: provincia de Álava", Madrid, S. de Rivadeneira, 1915. aDonadas junto con la memoria manuscrita a la Academia por el mismo Baraibar (Sesión 12 de febrero de 1912, Archivo: 4-32-1)27aErmita de la Concepción (San Vicentejo)9111653 7aÁlava2embne975661 0aFotografías de monumentos91115801 aBaráibar y Zumárraga, Federico d(1851-1918)912926 jFot-258 3Fot-258uhttps://archivoybiblioteca.realacademiabellasartessanfernando.com/cgi-bin/koha/opac-retrieve-file.pl?id=a0d3747d0f24100a967878de800c1df3 2ddccFOTOGRAFÍAn0 00102ddc40708FOTOGRAFIAaRABASFbRABASFcDP2d2025-05-07l0oFot-258p1095590r2025-05-07 10:22:44w2025-05-07yFOTOGRAFÍA c84704d84704